Central Library OPAC University of Rajshahi
Normal view MARC view

Entry Topical Term

Number of records used in: 11

001 - CONTROL NUMBER

  • control field: 3810

003 - CONTROL NUMBER IDENTIFIER

  • control field: BD-RjUL

005 - DATE AND TIME OF LATEST TRANSACTION

  • control field: 20220621163556.0

008 - FIXED-LENGTH DATA ELEMENTS

  • fixed length control field: 220621|| aca||aabn | a|a d

040 ## - CATALOGING SOURCE

  • Original cataloging agency: BD-RjUL
  • Transcribing agency: BD-RjUL

150 ## - HEADING--TOPICAL TERM

  • Topical term or geographic name entry element: Brain
  • General subdivision: Physiology

670 ## - SOURCE DATA FOUND

  • Source citation: Work cat.: (BD-RjUL)80017: ব্রিজেনডাইন, লুয়ান 3808, দ্য ফিমেল ব্রেন